01269cam a2200277 450000500170000000800410001702000150005804000350007304100080010804400070011608200200012310000420014324501260018525000220031126000580033330000860039150400730047765000870055065000570063765000520069470000380074670000440078470000390082870000430086771000810091020191213042002.0030717s2003 ck abd r 001 0 spa d a9586833925 aCO-BoPUJcCO-BoIAVHdCO-BoIAVH0 aspa ack04a333.75068bD49v1 aDevia Castillo, Carlos Alfonsoeautor10aValle del Río Cimitarrabhacia una propuesta de manejo sostenible del bosquecCarlos Alfonso Devia Castillo [y otros 4] aPrimera edición aBogotá : bPontificia Universidad Javeriana,c2003. a246 páginas : bilustraciones, mapas (algunos a color) y tablas ; c24 x 16 cm. aIncluye referencias bibliográficas: páginas 245-246, e índice.26aDesarrollo económicoxAspectos ambientaleszValle del río cimitarra (Colombia)26aPlanificación regionalzMagdalena medio (Colombia)26aEcología forestalzMagdalena medio (Colombia)1 aMaya Velez, Diana Lucíaeautora1 aCórdoba Rojas, Lilia Mercedeseautora1 aVilla Durán, Luis Albertoeautor1 aHerazo Cueto, Benjamín Joséeautor2 aPontificia Universidad JaverianabFacultad de Estudios Ambientales y Rurales